Statistics for Guess the Famous People from their Eyes #31

Click here to take the quiz!

General Stats

  • This quiz has been taken 76 times
  • The average score is 5 of 16

Answer Stats

Answer% Correct
Samuel L. Jackson
82%
Gordon Ramsay
79%
Simon Cowell
69%
Amy Schumer
42%
Steven Spielberg
42%
Marisa Tomei
34%
Amanda Seyfried
24%
Nancy Pelosi
24%
Queen Victoria
17%
Natalie Dormer
14%
Sean Connery
8%
Jayne Mansfield
7%
Raquel Welch
6%
Xzibit
6%
Irrfan Khan
4%
Adam Copeland
3%

Score Distribution

Percentile by Number Answered

Percent of People with Each Score

Your Score History

You have not taken this quiz